| 000 | 00894nam a2200241Ia 4500 | ||
|---|---|---|---|
| 005 | 20250622124037.0 | ||
| 008 | 250617s9999||||xx |||||||||||||| ||ara|| | ||
| 017 |
_a14845 _bمصر. دار الكتب |
||
| 020 | _a9789778812398 | ||
| 082 | 0 | 4 |
_a113 _bر م |
| 100 | 0 | _aرحاب جاد | |
| 245 | 1 | 0 |
_aالمضمون الفلسفى لنظرية الكوانتم / _cتأليف رحاب جاد ؛ تقديم عادل عبد السميع عوض |
| 250 | _aط1 | ||
| 260 | 3 |
_aالقاهرة : _b"دار العلا للنشر والتوزيع," _c2025. |
|
| 300 |
_a274ص ؛ _b _c24سم. |
||
| 650 |
_a"a _ الكونيات, علم" |
||
| 650 |
_a"a _ الوجود، علم" |
||
| 650 |
_a"a _ ما وراء الطبيعة, علم" |
||
| 650 | _aالحركات الفكرية | ||
| 700 | 0 |
_aعادل عبد السميع عوض _e مقدم |
|
| 942 | _cBK | ||
| 999 |
_c67677 _d67677 |
||